| 000 | 00567nam a22002177a 4500 | ||
|---|---|---|---|
| 005 | 20260204125727.0 | ||
| 008 | 260204b |||||||| |||| 00| 0 eng d | ||
| 020 |
_a9789354667435 _c495.00 |
||
| 040 | _aMAIN | ||
| 041 | _aEnglish | ||
| 082 |
_a620.5 _bDAS |
||
| 100 |
_aDas, Asim K. _926178 |
||
| 245 | _aIntroduction to Nanomaterials and Nanoscience | ||
| 260 |
_aNew Delhi _bCBS _c2025 |
||
| 300 | _a384 | ||
| 650 |
_aEnvironment Science _9310 |
||
| 700 |
_aDas, Mahua _926179 |
||
| 700 |
_aDas, Ankita _926180 |
||
| 700 |
_aDas, udita _926181 |
||
| 942 | _cBK | ||
| 999 |
_c60221 _d60221 |
||